000 00703nab a2200229 a 4500
001 57267
003 128491
005 20201118103312.0
008 ||||||n9999 ||| || ||
041 _aspa
100 _aBeltz Peralta, Hernan
245 0 _aMemoria del Departamento Nacional... 1982-1983
260 _aBogotá :
_bDepartamento Nacional de Planeación-DNP,
_c1984.
300 _a260p.
562 _e1
650 _aCOLOMBIA
_y1983-1984
650 _aCOLOMBIA. DEPARTAMENTO NACIONAL DE PLANEACIÓN-DNP--MEMORIAS E INFORMES--1978-1980
650 _aINFORME DE ACTIVIDADES
650 _aMEMORIAS
773 _037706
_aInforme del Departamento Nacional de Planeacion
942 _cDO-GO
999 _c57267
_d57267